000 00263nam a22001217a 4500
041 _aENG
100 _aICAR
245 _aHandbook of Horticulture Volume-2
260 _aNew Delhi
_bICAR
_c2019
300 _a1218
650 _aHorticulture
856 _uHorticulture
999 _c3201
_d3201